000 00435cam a2200145 4500500
005 20251012010515.0
041 _afre
042 _adc
100 1 0 _aGayet, Anne
_eauthor
245 0 0 _aLes apparences
260 _c2008.
500 _a30
786 0 _nPhilosophie magazine | 17 | 3 | 2008-03-01 | p. 1-1 | 1951-1787
856 4 1 _uhttps://shs.cairn.info/magazine-philosophie-magazine-2008-3-page-1?lang=fr&redirect-ssocas=7080
999 _c1519476
_d1519476